|
|
|
|
| LEADER |
00643nam#a2200241#a#4500 |
| 001 |
001896 |
| 005 |
20160721142226.0 |
| 008 |
960521s1973####ag##################spa#d |
| 040 |
|
|
|a AR-BeUNQ
|
| 099 |
|
|
|a 01-R12
|
| 100 |
1 |
|
|a Ríndina, M
|
| 245 |
0 |
2 |
|a Economía política del capitalismo
|c M. Ríndina, G. Chernicov.
|
| 260 |
|
|
|a Buenos Aires :
|b Estudio,
|c 1973
|
| 300 |
|
|
|a 351 p
|
| 650 |
|
7 |
|a POLITICA
|2 spines
|
| 650 |
|
7 |
|a ECONOMIA
|2 spines
|
| 650 |
|
7 |
|a CAPITALISMO
|2 spines
|
| 650 |
|
7 |
|a SISTEMAS ECONOMICOS
|2 spines
|
| 650 |
|
7 |
|a TEORIAS ECONOMICAS
|2 spines
|
| 700 |
1 |
|
|a Chernicov, G
|
| 929 |
|
|
|j 14704
|
| 942 |
|
|
|c LIB
|n 0
|
| 999 |
|
|
|c 4697
|d 80084
|